• 首页
  • 本馆介绍
  • 公告通知
  • 最新文献
  • 馆藏检索
  • 电子资源
  • 读者导购
  • 参考咨询
  • 我的图书馆
  • 登录
  • 详细信息显示
  • 放入我的书架
  • 预约/预借图书
  • 作者相关作品
  • 分类相关作品
  • 丛书相关作品
  • 出版社相关作品

书目信息

  • 表格格式
  • 工作单格式
  • 卡片格式
题名:
上海近代社会经济发展概况
    
 
作者: 徐雪筠 编 ;张仲礼 校订
分册:  
出版信息: 上海   上海社会科学院出版社  1985.08
页数: 382页
开本: 20cm
丛书名: 中国近代经济史资料丛刊
单 册:
中图分类: F129.5
科图分类:
主题词: 经济--中国
电子资源:
ISBN:
000 00922nam0 2200265 45
001 0306191667
005 20031219104111.3
010    @dCNY2.10
091    @a4299.002
100    @a20030619d1985 km y0chiy0120 ea
101 0  @achi
105    @ak z 000yy
200 1  @a上海近代社会经济发展概况@AShang Hai Jin Dai She Hui Jing Ji Fa Zhan Gai Kuang@e1882-1931@E《Hai Guan Shi Nian Bao Gao》Yi Bian@e《海关十年报告》译编@f徐雪筠等译编@FXu Xue Jun Deng Yi Bian@g张仲礼校订
210    @a上海@c上海社会科学院出版社@d1985.08
215    @a382页@c附图:表格@d20cm
225    @a中国近代经济史资料丛刊
410    @12001 @a中国近代经济史资料丛刊
517    @a1882-1931
517    @a《海关十年报告》译编@A《Hai Guan Shi Nian Bao Gao》Yi Bian
606 0  @a经济@x中国
690    @aF129.5@v3
701  0 @a徐雪筠@4编
702  0 @a张仲礼@AZhang Zhong Li@4校订
801    @aCN@bTSTC@c20030619
905    @f1@b143000@dF129.5@e23
    
    上海近代社会经济发展概况:1882-1931:《海关十年报告》译编/徐雪筠等译编/张仲礼校订.-上海:上海社会科学院出版社,1985.08
    382页:附图:表格;20cm.-(中国近代经济史资料丛刊)
    
    
    ISBN :CNY2.10
    
●
相关链接 在E读中查询图书 在五车中查询图书 在当当中查询图书 在豆瓣中查询图书


正题名:上海近代社会经济发展概况     索取号:F129.5/23         预约/预借

序号 登录号 条形码 馆藏地/架位号 状态 备注
1 0143000   001806834   密集书库/ [索取号:F129.5/23] 在馆    
2 0143001   001807361   密集书库/ [索取号:F129.5/23] 在馆    
3 0143002   000201757   密集书库/ [索取号:F129.5/23] 在馆    
4 0143003   000201748   第一借阅区/ [索取号:F129.5/23] 在馆    
5 0143004   000201739   第一样本阅览室/ [索取号:F129.5/23] 在馆    
唐山师范学院图书馆 欢迎您!
大连网信软件有限公司© 版权所有